ბათუმის შოთა რუსთაველის სახელმწიფო უნივერსიტეტის ბიბლიოთეკა

საერთაშორისო სამართალი = международное право ; (ბიბ.ჩანაწერი № 39402)

000 -ლიდერი
ფიქსირებული სიგრძის საკონტროლო ველი 01466nam a2200277Ia 4500
001 - საკონტროლო ნომერი
საკონტროლო ველი 5992
003 - საკონტროლო ნომრის იდენტიფიკატორი
საკონტროლო ველი GE_BSU
005 - ბოლო ოპერაციის თარიღი და დრო
საკონტროლო ველი 20190726180327.0
008 - ფიქსირებული სიგრძის მონაცემთა ელემენტები - ზოგადი ინფორმაცია
ფიქსირებული სიგრძის საკონტროლო ველი 181216s2010||||ge |||||||||||||| ||geo||
020 ## - წიგნის საერთაშორისო სტანდარტული ნომერი
International Standard Book Number 9789994098576
040 ## - კატალოგიზაციის წყარო
Transcribing agency GE_BSU
041 ## - ენის კოდი
Language code of text/sound track or separate title geo
080 ## - უნივერსალური ათობითი კლასიფიკაციის ინდექსი
Universal Decimal Classification number 341(075.8) ს-16
245 ## - ცნობა სათაურის შესახებ
Title საერთაშორისო სამართალი = международное право ;
Remainder of title პროფ. სახელმძღვ. იურიპრუდენციის სპეც. სტუდ. - თვის /
Statement of responsibility, etc კ. გასანოვი, დ. კუზნეცოვი, ა. ნიკონოვი და სხვ. ; ნ. ერიაშვილის რედაქციით ; რედ. სერგო ბარამიძე
264 ## - წარმოების, გამოცემის, დისტრიბუციის და სხვა ცნობები
გამოცემის, წარმოების, დისტრიბუციის... ადგილი თბილისი :
გამოცემის, წარმოების, დისტრიბუციის... სახელწოდება იუნიტი ;
გამოცემის, წარმოების, დისტრიბუციის... თარიღი 2010.
300 ## - ფიზიკური აღწერა
Extent 411 გვ.;
Dimensions 22 სმ.
653 ## - INDEX TERM--UNCONTROLLED
Uncontrolled term საერთაშორისო სამართალი
653 ## - INDEX TERM--UNCONTROLLED
Uncontrolled term სამართალი
700 ## - ADDED ENTRY--PERSONAL NAME
Personal name გასანოვი, კ.
Relator term ავტორი
9 (RLIN) 3334
700 ## - ADDED ENTRY--PERSONAL NAME
Personal name კუზნეცოვი, დ.
Relator term ავტორი
9 (RLIN) 3335
700 ## - ADDED ENTRY--PERSONAL NAME
Personal name ნიკონოვი, ა.
Relator term ავტორი
9 (RLIN) 3336
700 ## - ADDED ENTRY--PERSONAL NAME
Personal name ერიაშვილის, ნ.
Relator term რედაქტორი
9 (RLIN) 3337
700 ## - ADDED ENTRY--PERSONAL NAME
Personal name ბარამიძე, სერგო
Relator term რედაქტორი
9 (RLIN) 3338
942 ## - ADDED ENTRY ELEMENTS (KOHA)
Koha item type წიგნი
Source of classification or shelving scheme
ეგზემპლარები
ჩამოწერის სტატუსი დაკარგული ეგზემპლარის სტატუსი კლასიფიკაციის წყარო ან თაროზე გაწყობის სქემა დაზიანების სტატუსი არ გაიცემა მუდმივი მდებარეობა (დაცვის ადგილი) ამჟამინდელი ადგილსამყოფელი თაროზე განთავსების ადგილი შეძენის თარიღი ღირებულება, შესყიდვის ნორმალური ფასი სრული შენახვის შიფრი შტრიხკოდი ბოლო ოპერაციის თარიღი ეგზემპლარის მიმდევრობითი ნომერი (კეტერი?) ფასის ძალაში შესვლის თარიღი ეგზემპლარის სახეობა საჯარო შენიშვნა
          ბათუმის შოთა რუსთაველის სახელმწიფო უნივერსიტეტის მთავარი ბიბლიოთეკა ბათუმის შოთა რუსთაველის სახელმწიფო უნივერსიტეტის მთავარი ბიბლიოთეკა წიგნსაცავი 2018-12-17 52.50 341(075.8) ს-16 12852 2018-12-17 12852 2018-12-17 წიგნი 52.50 ლ.
          ბათუმის შოთა რუსთაველის სახელმწიფო უნივერსიტეტის მთავარი ბიბლიოთეკა ბათუმის შოთა რუსთაველის სახელმწიფო უნივერსიტეტის მთავარი ბიბლიოთეკა წიგნსაცავი 2018-12-17 52.50 341(075.8) ს-16 12853 2018-12-17 12853 2018-12-17 წიგნი 52.50 ლ.
          ბათუმის შოთა რუსთაველის სახელმწიფო უნივერსიტეტის მთავარი ბიბლიოთეკა ბათუმის შოთა რუსთაველის სახელმწიფო უნივერსიტეტის მთავარი ბიბლიოთეკა წიგნსაცავი 2018-12-17 52.50 341(075.8) ს-16 12854 2018-12-17 12854 2018-12-17 წიგნი 52.50 ლ.
          ბათუმის შოთა რუსთაველის სახელმწიფო უნივერსიტეტის მთავარი ბიბლიოთეკა ბათუმის შოთა რუსთაველის სახელმწიფო უნივერსიტეტის მთავარი ბიბლიოთეკა წიგნსაცავი 2018-12-17 52.50 341(075.8) ს-16 12855 2018-12-17 12855 2018-12-17 წიგნი 52.50 ლ.
          ბათუმის შოთა რუსთაველის სახელმწიფო უნივერსიტეტის მთავარი ბიბლიოთეკა ბათუმის შოთა რუსთაველის სახელმწიფო უნივერსიტეტის მთავარი ბიბლიოთეკა წიგნსაცავი 2018-12-17 52.50 341(075.8) ს-16 12856 2018-12-17 12856 2018-12-17 წიგნი 52.50 ლ.